| 000 | 00351nam a22001217a 4500 | ||
|---|---|---|---|
| 082 |
_a355.400956 _bCRI |
||
| 110 |
_aStaff College Queta _950017 |
||
| 245 | _aCritical study of the campaign in Mesopotamia uo to 1917 | ||
| 300 | _a362 p.: | ||
| 526 |
_a0 _b0 _c0 _d355_400956000000000_CRI |
||
| 526 |
_a0 _b0 _c0 _d355_400956000000000_CRI |
||
| 942 |
_2ddc _cBK |
||
| 999 |
_c552751 _d552751 |
||